Quick Pick: Hamlet Deaths Quiz Stats

 Plays Quiz not verified by Sporcle

Score 0/9 Timer 00:30
0 Plays Today
% Correct
Ophelia
88.3%
Hamlet
86.8%
King Hamlet
86.4%
Claudius
81.3%
Polonius
78.1%
Rosencrantz
78.1%
Guildenstern
76.2%
Laertes
72.6%
Gertrude
71.9%

You're not logged in!

Compare scores with friends on all Sporcle quizzes.
OR
Log In

Show Comments

Extras

Top Quizzes Today


Score Distribution

Your Account Isn't Verified!

In order to create a playlist on Sporcle, you need to verify the email address you used during registration. Go to your Sporcle Settings to finish the process.

Report this User

Report this user for behavior that violates our Community Guidelines.

Details: